Ελληνική παραδοσιακή αρχιτεκτονική

Αποθηκεύτηκε σε:
Λεπτομέρειες βιβλιογραφικής εγγραφής
Άλλοι συγγραφείς: Λάββας, Γεώργιος Π., 1935-2006, Φιλιππίδης, Δημήτρης, 1938-
Μορφή: Βιβλίο
Γλώσσα:Greek
Δημοσίευση: Μέλισσα : Αθήνα, 1987-1991.
Σειρά:Καλλιτεχνική βιβλιοθήκη
Θέματα:
Ετικέτες: Προσθήκη ετικέτας
Δεν υπάρχουν, Καταχωρήστε ετικέτα πρώτοι!

MARC

LEADER 00000cam a2200000 i 4500
001 1/36086
008 961023m19871991gr | ||| |||| ||gre||
020 |a 9602040009 
020 |a 9602040068 
035 |a 1995  |c ΤΣΙΒΑΚΟΥ  |l 10040146 
040 |a GR-MyUA  |b gre  |e AACR2 
041 0 |a gre 
082 0 |a 724.6495 
245 1 0 |a Ελληνική παραδοσιακή αρχιτεκτονική /   |c Σύμβουλοι και συντονιστές της έκδοσης Δημήτρης Φιλιππίδης, Γιώργος Λαββάς.  
260 |a Μέλισσα :   |b Αθήνα,   |c 1987-1991.  
300 |a 7 τ. ;   |c 31 εκ.  
490 1 |a (Καλλιτεχνική Βιβλιοθήκη)  
505 0 |a Τ. 1. Ανατολικό Αιγαίο, Σποράδες, Επτάνησα -- τ. 2. Κυκλάδες -- τ. 3. Δωδεκάννησα, Κρήτη -- τ. 4. Πελοπόννησος Α' -- τ. 5. Πελοπόννησος Β', Στερεά Ελλάδα -- τ. 7. Μακεδονία Α' -- τ. 8. Μακεδονία Β', Θράκη.  
650 0 0 |a Architecture, Greek. 
650 0 0 |a Ethnic architecture. 
700 1 |a Λάββας, Γεώργιος Π.,   |d 1935-2006. 
700 1 |a Φιλιππίδης, Δημήτρης,   |d 1938- 
830 0 |a Καλλιτεχνική βιβλιοθήκη 
852 |a INST  |b SAMOS  |e 19961023  |h 724.6495 ΕΛΛ  |p 005300005707  |q 005300005707  |t BK  |y 0  |z τ.8 
852 |a INST  |b SAMOS  |e 19961023  |h 724.6495 ΕΛΛ  |p 005300005708  |q 005300005708  |t BK  |y 0  |z τ.7 
852 |a INST  |b SAMOS  |e 19961023  |h 724.6495 ΕΛΛ  |p 005300005709  |q 005300005709  |t BK  |y 0  |z τ.5 
852 |a INST  |b SAMOS  |e 19961023  |h 724.6495 ΕΛΛ  |p 005300005710  |q 005300005710  |t BK  |y 0  |z τ.4 
852 |a INST  |b SAMOS  |e 19961023  |h 724.6495 ΕΛΛ  |p 005300005711  |q 005300005711  |t BK  |y 0  |z τ.3 
852 |a INST  |b SAMOS  |e 19961023  |h 724.6495 ΕΛΛ  |p 005300005712  |q 005300005712  |t BK  |y 0  |z τ.2 
852 |a INST  |b SAMOS  |e 19961023  |h 724.6495 ΕΛΛ  |p 005300005713  |q 005300005713  |t BK  |y 0  |z τ.1 
852 |a INST  |b SAMOS  |e 19961023  |h 724.6495 ΕΛΛ  |p 005300005707  |q 005300005707  |t BK  |v τ.8:  |y 0  |z τ.8 
852 |a INST  |b SAMOS  |e 19961023  |h 724.6495 ΕΛΛ  |p 005300005708  |q 005300005708  |t BK  |v τ.7:  |y 0  |z τ.7 
852 |a INST  |b SAMOS  |e 19961023  |h 724.6495 ΕΛΛ  |p 005300005709  |q 005300005709  |t BK  |v τ.5:  |y 0  |z τ.5 
852 |a INST  |b SAMOS  |e 19961023  |h 724.6495 ΕΛΛ  |p 005300005710  |q 005300005710  |t BK  |v τ.4:  |y 0  |z τ.4 
852 |a INST  |b SAMOS  |e 19961023  |h 724.6495 ΕΛΛ  |p 005300005711  |q 005300005711  |t BK  |v τ.3:  |y 0  |z τ.3 
852 |a INST  |b SAMOS  |e 19961023  |h 724.6495 ΕΛΛ  |p 005300005712  |q 005300005712  |t BK  |v τ.2:  |y 0  |z τ.2 
852 |a INST  |b SAMOS  |e 19961023  |h 724.6495 ΕΛΛ  |p 005300005713  |q 005300005713  |t BK  |v τ.1:  |y 0  |z τ.1 
853 |a INST  |b SAMOS  |h 724.6495 ΕΛΛ 
909 |a Σ  |b 038867 
909 |a Σ  |b 038868 
909 |a Σ  |b 038869 
909 |a Σ  |b 038870 
909 |a Σ  |b 038871 
909 |a Σ  |b 038872 
909 |a Σ  |b 038873